| 000 | 01013nam a2200325 a 4500 | ||
|---|---|---|---|
| 001 | 24919 | ||
| 003 | CO-ViMGA | ||
| 008 | 141112s2004 ck r 000 u spa d | ||
| 020 | _a9789583201554 | ||
| 040 |
_aCO-ViMGA _bspa _cCO-ViMGA |
||
| 041 | _aSPA | ||
| 090 | _aA ROS1 | ||
| 100 | 1 |
_aRoss, Tony, 1938 - _937390 |
|
| 245 | 1 | 0 |
_aJuan y el lobo / _cTexto e ilustraciones Tony Ross ; traducción de Kunas |
| 250 | _a1a ed. | ||
| 260 |
_aBogotá : _bOcéano Travesía, _c2012 |
||
| 300 | _a28 p. : il. col : il. | ||
| 650 | 1 | 4 |
_aAUTORES INGLESES _937391 |
| 650 | 1 | 4 |
_aDESDE LOS 3 AÑOS _937392 |
| 650 | 1 | 4 |
_aDESDE LOS 3 AÑOS _937392 |
| 650 | 1 | 4 |
_aDESDE LOS 3 AÑOS _937392 |
| 650 | 1 | 4 |
_aDESDE LOS 3 AÑOS _937392 |
| 650 | 1 | 4 |
_aILUSTRADORES INGLESES _937393 |
| 650 | 1 | 4 |
_aLITERATURA INFANTIL INGLESA _937394 |
| 650 | 1 | 4 |
_aLOBOS - LIBROS DE IMAGENES _937395 |
| 650 | 1 | 4 |
_aMENTIRAS - LIBROS DE IMAGENES _937396 |
| 700 | 1 |
_aKunas _937397 |
|
| 700 | 1 |
_aRoss, Tony, 1938 - _937390 |
|
| 942 |
_2ddc _cBK |
||
| 999 |
_c2544 _d2544 |
||